|
|
|
|
| LEADER |
00635naa a2200181 i 4500 |
| 001 |
publ11242 |
| 005 |
20200224142930.0 |
| 008 |
170421s2011 hu o 0|| zxx d |
| 024 |
7 |
|
|a 1807726
|2 mtmt
|
| 040 |
|
|
|a SZTE Publicatio Repozitórium
|b hun
|
| 041 |
|
|
|a zxx
|
| 100 |
1 |
|
|a Csapó Benő
|
| 245 |
1 |
0 |
|a Introduction
|h [elektronikus dokumentum] /
|c Csapó Benő
|
| 260 |
|
|
|a Nemzeti Tankönyvkiadó
|b Budapest
|c 2011
|
| 300 |
|
|
|a 9-16
|
| 490 |
0 |
|
|a Framework for diagnostic assessment of mathematics
|
| 700 |
0 |
1 |
|a Szendrei Mária
|e aut
|
| 856 |
4 |
0 |
|u http://publicatio.bibl.u-szeged.hu/11242/1/Math_Framework_English_Introduction.pdf
|z Dokumentum-elérés
|